000 01275nam a2200313Ia 4500
005 20240902120411.0
008 240730t2019||||xx |||||||||||||| ||spa||
040 _aODONTO
_bspa
_cODONTO
_dODONTO
041 _aspa
084 _aT2735
100 _aAjá Velasquez, Karla Noemí
_98900
245 0 _aPrevalencia de bruxismo y su tratamiento registrado en fichas clínicas de pacientes que fueron tratados en las clínicas de la Facultad de Odontología de la Universidad de San Carlos de Guatemala, en el año 2016 y 2017 /
_cKarla Noemí Ajá Velasquez. --
260 _aGuatemala :
_bUSAC,
_c2019
300 _a53 p. :
_bil. ;
_c28 cm.
336 _aTexto
337 _aSin mediación
338 _aVolumen
502 _aTesis (Cirujano Dentista) -- Universidad de San Carlos de Guatemala.
650 0 2 _aBruxismo
_98901
650 0 2 _aDesgaste de los dientes
_99550
650 0 2 _aOclusión dental
_9390
650 0 2 _aFracturas de los dientes
_91064
650 0 2 _aTraumatismo de los dientes
_91762
700 _aÁvila González, José Fernando,
_98902
700 _dasesor
_98903
856 _uhttp://www.repositorio.usac.edu.gt/id/eprint/12252
_zTexto completo
942 _aBiblioteca Facultad de Odontología
_cTESIS
_n0
_kT2735
_2ddc
999 _c3252
_d3252